Relojes españoles / (Record no. 108185)

MARC details
000 -LEADER
campo de control de longitud fija 00752nam a2200229 i 4500
001 - NÚMERO DE CONTROL
campo de control 108185
003 - IDENTIFICADOR DE NÚMERO DE CONTROL
campo de control ES-MaACL
005 - FECHA Y HORA DE LA ÚLTIMA TRANSACCIÓN
campo de control 20250712062548.0
007 - CAMPO FIJO DE DESCRIPCIÓN FÍSICA--INFORMACIÓN GENERAL
campo de control de longitud fija t|
008 - DATOS DE LONGITUD FIJA--INFORMACIÓN GENERAL
campo de control de longitud fija 061121s1968 sp r ||||1| spa d
100 1# - ENTRADA PRINCIPAL--NOMBRE DE PERSONA
Nombre de persona Montañés Fontenla, Luis.
9 (RLIN) 82396
245 10 - MENCIÓN DEL TÍTULO
Título Relojes españoles /
Mención de responsabilidad, etc. Luis Montañés Fontenla ; con narración y saludos previos de Camilo José Cela.
250 ## - MENCION DE EDICION
Mención de edición 2ª ed. refundida y puesta al día.
260 ## - PUBLICACIÓN, DISTRIBUCIÓN, ETC.
Lugar de publicación, distribución, etc. Madrid :
Nombre del editor, distribuidor, etc. Prensa Española,
Fecha de publicación, distribución, etc. 1968.
300 ## - DESCRIPCIÓN FÍSICA
Extensión XVI, 144 p., 70 lám. col. ;
Dimensiones 22 cm.
490 1# - MENCIÓN DE SERIE
Mención de serie Los tres dados
650 #4 - PUNTO DE ACCESO ADICIONAL DE MATERIA--TÉRMINO DE MATERIA
Término de materia o nombre geográfico como elemento de entrada Relojes-
Subdivisión geográfica España.
9 (RLIN) 16840
700 1# - ENTRADA AGREGADA--NOMBRE PERSONAL
Nombre de persona Cela, Camilo José,
Fechas asociadas al nombre 1916-2002
9 (RLIN) 37336
830 1# - PUNTO DE ACCESO ADICIONAL DE SERIE-TÍTULO UNIFORME
Título uniforme Los tres dados
9 (RLIN) 181533
852 4# - LOCALIZACIÓN
Ubicación ES-MaACL
Número de control de estantería C-34968
Holdings
Estatus retirado Estado de pérdida Estado de daño No para préstamo Biblioteca de origen Biblioteca actual Ubicación en estantería Fecha de adquisición Fuente de adquisición Total de préstamos Signatura topográfica completa Código de barras Visto por última vez Precio de reemplazo Tipo de ítem Koha
        Biblioteca del Ateneo de Madrid Biblioteca del Ateneo de Madrid Depósito 2 17/01/2008     C-34968 1112891 23/02/2023 23/02/2023 Libro impreso